000
00312nam a2200097Ia 4500
082
_a
635.93440968|VENT
245
0
_a
Orchids in South Africa : a gardener's guide
100
_a
Venter, Hendrik Arcadia, South Africa, 2014 First edition
_9
36091
942
_c
BK
008
210817s9999 xx 000 0 und d
999
_c
188731
_d
188729